000 00635cam a2200217 4500
001 sa 68012025
003 DLC
005 20260227112606.0
008 691014s1965 pk k 000 0 eng
010 _asa 68012025
025 _aPL480:P-E-1118
040 _aDLC
_cDLC
_dDLC
050 0 0 _aKPL2772
_b.S728 1965
082 0 0 _a343.549/1032
_a345.4910332
_219
110 2 _aState Bank of Pakistan.
245 1 0 _aExchange control manual, corr. upto 31st December, 1965.
250 _a3d ed.
260 _a[Karachi?]
_c1965.
300 _a1 v. (loose-leaf)
_bforms.
_c29 cm.
650 0 _aForeign exchange
_xLaw and legislation
_zPakistan.
999 _c84254
_d84254